| 000 | 00794nam a2200253Ia 4500 | ||
|---|---|---|---|
| 003 | OSt | ||
| 005 | 20220930201733.0 | ||
| 006 | a|||||r|||| 00| 0 | ||
| 007 | ta | ||
| 008 | 220926b |||||||| |||| 00| 0 hin d | ||
| 024 | _a79572 | ||
| 037 | _cDissertations | ||
| 040 |
_aCRL _cCRL _bhin |
||
| 041 |
_2hin _ahin |
||
| 100 |
_aShankhwar Manisha _9566148 |
||
| 110 | _aUniversity of Delhi. Faculty of Arts. Department of Hindi | ||
| 245 | 0 | _aGunahon ka devta ke Chander aur Kasam ke Devidutt ka tulnatmak adhyayan | |
| 260 | _c2003 | ||
| 650 |
_aHINDI LITERATURE _923866 |
||
| 700 |
_a Dr S Narayan Ayyar _9566149 |
||
| 700 | _aUniversity of Delhi. Faculty of Arts. Department of Hindi | ||
| 942 |
_cDIS _2CC |
||
| 999 |
_c902320 _d902320 |
||